000 00580nam a22002177a 4500
005 20170124110026.0
010 _a896914
020 _c00.00
_a9231013963
035 _a896914
037 _bCen Lib/Ret
040 _aDPL
_bEN
082 _a529
_bTIM
245 _aTime and the philosophies /
_cby H.Aguessy...[et al.]
260 _aParis
_bUNESCO
_c1977
270 _a7 Palce De Fontenoy
_bParis
_e75700
300 _a256p.
_c23cm(Hb)
650 _aTime
_920687
650 _aUnesco
_9104530
700 _aAguessy, H.
_920689
942 _2ddc
_cEN
_h529
_mAGU
999 _c127508
_d127508